000 00664nam a2200205 a 4500
001 000045530
005 20240409073826.0
008 150414s2011 dr a 000 0 spa d
020 _a9789945164091
040 _aDO-SdBNP
_bspa
_cBNPHU
082 _aRD863.5
_bE77m
100 1 _aEspinosa, Carlen
_973588
245 1 3 _aLa melena de la luna /
_cCarlen Espinosa ; ilustración Fedra Cedano.
260 _aSanto Domingo :
_bBúho,
_c2011.
300 _a[18] p. :
_bil ;
_c28 cm.
650 0 _aCuentos infantiles dominicanos
_9505
650 4 _aLiteratura infantil dominicana
_9441
700 1 2 _aCedano, Fedra,
_eil.
_973589
910 _aValidado. Control de calidad MFF
999 _c45019
_d45019